| 000 | 01115cab a2200205 4500 | ||
|---|---|---|---|
| 001 | L136772 | ||
| 008 | 070223n2007 000 0 eng u | ||
| 035 | _a(Sirsi) u136772 | ||
| 041 | 0 | _aeng | |
| 110 | 2 |
_aInvestment Property Forum _92112 |
|
| 245 | 0 | 0 |
_aEG data _bIPF forecast survey: January |
| 260 | _c2007 | ||
| 490 | 0 | 0 |
_aEstates Gazette _v(0707) 17 February 2007, 52-53(2) |
| 520 | _aTotal return forecasts for 2007 continue to rise while remaining significantly below 2006 levels. Although long-term views remain bearish, at 6.2% the consensus forecast total return for 2007/11 still offers investors a real rate of return, compared to interest rate forecasts. According to the forecasters, 2008 will see the sectors converge after a period of dominance for offices. Despite the high levels of capital still pouring into property, the consensus forecast is that this inflow will slow down as returns shrink. | ||
| 590 | _aKA | ||
| 650 | 2 | 4 | _aIPF CONSENSUS FORECAST SURVEY |
| 651 | 4 |
_aUnited Kingdom _y |
|
| 690 | _aPROPERTY-COMMERCIAL PROPERTY-COMMERCIAL PROPERTY FINANCE AND INVESTMENT | ||
| 942 | _n0 | ||
| 999 |
_c78434 _d78434 |
||